| 000 | 00510nam a22001817a 4500 | ||
|---|---|---|---|
| 005 | 20260323150424.0 | ||
| 008 | 260323b |||||||| |||| 00| 0 eng d | ||
| 020 | _a978-81-19364-16-9 | ||
| 100 | _aKARIA G.L. | ||
| 245 | _aWASTEWATER TREATMENT: CONCEPTS AND DESIGN APPROACH | ||
| 250 | _a3RD ED. | ||
| 260 |
_aNEW DELHI _bPHI LEARNING _c2025 |
||
| 300 | _aXII,452P. | ||
| 500 | _aINCLUDES AN INDEX | ||
| 650 | _aSEWAGE-PURIFICATION | ||
| 700 | _aCHRISTIAN R.A. , NAMRATA D. JARIWALA | ||
| 942 |
_2lcc _cBK |
||
| 999 |
_c216860 _d216860 |
||